Ben 10 aliens from classic - Statistics

General Stats
  • This quiz has been taken 440 times
  • The average score is 15 of 20
Answer Stats
Hint Answer % Correct
four armed four arms
97%
diamond based diamondhead
95%
fire based heatblast
93%
very fast XLR8
92%
small but smart grey matter
91%
alien that can merge with metal technolgy upgrade
90%
ghost ghostfreak
89%
can fly and shoot fluid and acid from it's body stinkfly
87%
no eyes wildmutt
85%
can breath underwater and has huge jaws ripjaws
84%
can roll into a ball cannonbolt
82%
giant alien that was unlocked by Azmuth himself way big
78%
plant based wildvine
71%
can eat anything and then spit it out upchuck
68%
can duplacate ditto
65%
has eyes everywhere exept eyelids eye guy
62%
wolf blitzwolfer
48%
mummy snare oh
44%
electiric monster alien frankenstrike
35%
introduced in race against time eon
27%
No matching quizzes found
Score Distribution
Percent of People with Each Score
Percentile by Number Answered
Your Score History
You have not taken this quiz